000 00682nam a2200193 i 4500
001 140151
003 ES-MaACL
005 20230906200023.0
007 t|
008 070214s1958 sp r ||||1| spa d
100 1 _aSeelig, Ernst.
_9105091
245 1 0 _aTratado de criminología /
_cErnesto Seelig ; traducción castellana y notas de José María Rodríguez Devesa.
260 _aMadrid :
_bInstituto de Estudios Políticos,
_c1958.
300 _aXXXI, 515 p., 8 lám. ;
_c25 cm.
650 4 _aCriminología.
_9135832
700 1 _aRodríguez Devesa, José María.
_998493
710 2 _aInstituto de Estudios Políticos (Madrid)
_94924
852 _aES-MaACL
_jC-21275
_bR.49829
999 _c140151
_d140151